Вийди за межі. Забудь про успіх — стань видатним! (Запис № 458781)
[ простий вигляд ]
| 000 -Лідер | |
|---|---|
| fixed length control field | 01978 a2200241 4500 |
| 003 - Ідентифікатор контрольного номера | |
| control field | UA-OsUOA |
| 005 - Дата та час останнього входження (трансакції) | |
| control field | 20230504161406.0 |
| 008 - Елементи даних фіксованої довжини – загальна інформація | |
| fixed length control field | 200408b un ||||| |||| 00| 0 ukr d |
| 020 ## - Міжнародний стандартний книжковий номер (ISBN) | |
| Міжнародний стандартний книжковий номер (ISBN) (НП) | 9786171204805 |
| 040 ## - Джерело каталогізації | |
| Агенція оригінальної каталогізації | UA-OsUOA |
| Мова каталогізації | ukr |
| Агенція, яка здійснювала перезапис | UA-OsUOA |
| Агенція, яка здійснювала модифікацію | UA-OsUOA |
| 041 ## - Код мови | |
| Код мови тексту/ звукової доріжки чи окремого заголовка (П) | ukr |
| 080 ## - Індекс Універсальної десяткової класифікації | |
| Індекс Універсальної десяткової класифікації (УДК) (НП) | 159.9 |
| 090 ## - Локальний шифр розміщення | |
| Класифікаційний індекс УДК | 159.9 |
| Авторський знак (НП) | В 16 |
| 100 ## - Основне введення – ім’я особи | |
| Ім’я особи (НП) | Вальдшмідт Д. |
| 245 ## - Відомості про назву | |
| Назва (НП) | Вийди за межі. Забудь про успіх — стань видатним! |
| Дані про відповідальність (НП) | Ден Вальдшмідт |
| 260 ## - Публікація, розповсюдження і т.п. (Вихідні дані) | |
| Ім’я/ наймення видавництва, розповсюджувача і т.п. (П) | Клуб Сімейного Дозвілля |
| Дата публікації, розповсюдження і т.п. (П) | 2016 |
| Місце публікації, розповсюдження і т.п. (П) | Харків |
| 300 ## - Фізичний опис | |
| Обсяг | 192 с. |
| Супроводжувальний матеріал | іл. |
| 520 ## - Резюме і т.п. | |
| Резюме, реферат, анотація, тощо (НП) | Ця книжка для тих: <br/>• хто хоче досягти видатних успіхів у будь-чому <br/>• хто шукає натхнення та свіжого погляду на життя <br/>• хто прагне змін<br/><br/>Став цілі! Будь стійким! Багато працюй! І не здавайся, поки не досягнеш мети! Це типові поради, які дають тим, хто хоче досягти успіху. Забудь про це! Такі поради не працюють!<br/>Автор книжки проаналізував понад 1 000 історій людей, які досягли видатних результатів у бізнесі, науці, політиці, спорті, і зрозумів – усі вони мають спільні риси. Замість того щоб вчити, як «досягти» успіху, він навчить, як «бути» успішним. <br/>Ця книжка відкриває істини, які ви не знайдете у жодному іншому виданні. |
| 650 ## - Додаткове предметне введення – тематичний термін | |
| Джерело заголовка чи терміна | UDC |
| Тематичний термін чи географічна назва, як елемент введення (НП) | 159.9 Психологія |
| 942 ## - Додаткові елементи входу (Коха) | |
| Тип елемента Koha | Книги |
| Source of classification or shelving scheme | Universal Decimal Classification |
| 955 ## - Код типу видання за змістом | |
| Код типу видання за змістом (НП) | Літературно-художні видання |
| Стан вилучень | Стан втрат | Джерело класифікації або схеми стелажів | Стан уражень | Не для кредиту | Код колекції | Постійне місце розташування | Поточне розміщення | Дата придбання | Джерело придбання | Вартість, звичайна ціна покупки | Усього замовленно | Повний номер виклику | Штрих-код | Дата останнього перегляду | Дата останньої перевірки | Вартість, ціна заміни | Ціна ефективна від | Тип елемента Koha |
|---|---|---|---|---|---|---|---|---|---|---|---|---|---|---|---|---|---|---|
| Universal Decimal Classification | Колекція Кралюка П.М. | ЧЗ - Читальна зала | ЧЗ - Читальна зала | 08/04/2020 | №7/06.04.20 | 50.00 | 2 | 159.9 В 16 | 162484 | 21/02/2023 | 09/02/2023 | 50.00 | 08/04/2020 | Книги |